00425nam a2200133 a 450000100100000000500170001000800410002704000250006810000300009324500750012326000460019830000200024454000270026400002978920200930055816.0110425d1983 dr 000 0 spa d aDO-SdBNPbspacBNPHU1 aGonzález Tirado, Rafael13aEl complejo de inferioridad linguística /cRafael González Tirado. aSanto Domingo :bLoteria Nacional,c1983. a18 p. ;c21 cm. aBibliografía : p. 17